How to improve Employee Referral Program for Business Group Emerging Businesses within Royal Philips

Bibliográfiai részletek
Szerző: Szabari Ákos
További közreműködők: Vásáry Dr. habil Viktória
Dokumentumtípus: Diplomadolgozat
Kulcsszavak:Employee Referral Program
Philips
Human resource management
Online Access:http://dolgozattar.uni-bge.hu/7520

MARC

LEADER 00000nta a2200000 i 4500
001 dolg7520
005 20161107111810.0
008 160608suuuu hu om 000 eng d
040 |a BGE Dolgozattár Repozitórium  |b hun 
041 |a en 
100 1 |a Szabari Ákos 
245 1 0 |a How to improve Employee Referral Program for Business Group Emerging Businesses within Royal Philips  |c Szabari Ákos  |h [elektronikus dokumentum] 
246 1 1 |a Hogyan fejlesszük az alkalmazottak által javasolt személyek toborzására szakosodott programot a feltörekvő üzleteknek a Royal Philipsnél. 
246 1 1 |a How to improve Employee Referral Program for Business Group Emerging Businesses within Royal Philips 
695 |a Employee Referral Program 
695 |a Philips 
695 |a Human resource management 
700 1 |a Vásáry Dr. habil Viktória  |e ths 
856 4 0 |u http://dolgozattar.uni-bge.hu/7520/1/Akos%20Szabari%20-%20Graduation%20Thesis%20Opp%201.pdf  |z Dokumentum-elérés